<?xml version="1.0" encoding="UTF-8"?>
<collection xmlns="http://www.loc.gov/MARC21/slim">
 <record>
  <leader>01052cam a22002652c 4500</leader>
  <controlfield tag="001">1521947341</controlfield>
  <controlfield tag="003">DE-627</controlfield>
  <controlfield tag="005">20220603163812.0</controlfield>
  <controlfield tag="007">tu</controlfield>
  <controlfield tag="008">151116s1962    xx |||||      00| ||und c</controlfield>
  <datafield tag="035" ind1=" " ind2=" ">
   <subfield code="a">(DE-627)1521947341</subfield>
  </datafield>
  <datafield tag="035" ind1=" " ind2=" ">
   <subfield code="a">(DE-576)451947347</subfield>
  </datafield>
  <datafield tag="035" ind1=" " ind2=" ">
   <subfield code="a">(DE-599)BSZ451947347</subfield>
  </datafield>
  <datafield tag="040" ind1=" " ind2=" ">
   <subfield code="a">DE-627</subfield>
   <subfield code="b">ger</subfield>
   <subfield code="c">DE-627</subfield>
   <subfield code="e">rakwb</subfield>
  </datafield>
  <datafield tag="100" ind1="1" ind2=" ">
   <subfield code="a">Werner, Joachim</subfield>
   <subfield code="0">(DE-627)1233532847</subfield>
   <subfield code="0">(DE-576)163532842</subfield>
   <subfield code="4">aut</subfield>
  </datafield>
  <datafield tag="245" ind1="1" ind2="4">
   <subfield code="a">Die Langobarden in Pannonien</subfield>
   <subfield code="b">Beiträge zur Kenntnis der langobardischen Bodenfunde vor 568</subfield>
   <subfield code="c">Joachim WERNER</subfield>
  </datafield>
  <datafield tag="264" ind1=" " ind2="1">
   <subfield code="a">München</subfield>
   <subfield code="b">Bayer. Akademie der Wissenschaften</subfield>
   <subfield code="c">1962</subfield>
  </datafield>
  <datafield tag="336" ind1=" " ind2=" ">
   <subfield code="a">Text</subfield>
   <subfield code="b">txt</subfield>
   <subfield code="2">rdacontent</subfield>
  </datafield>
  <datafield tag="337" ind1=" " ind2=" ">
   <subfield code="a">ohne Hilfsmittel zu benutzen</subfield>
   <subfield code="b">n</subfield>
   <subfield code="2">rdamedia</subfield>
  </datafield>
  <datafield tag="338" ind1=" " ind2=" ">
   <subfield code="a">Band</subfield>
   <subfield code="b">nc</subfield>
   <subfield code="2">rdacarrier</subfield>
  </datafield>
  <datafield tag="490" ind1="0" ind2=" ">
   <subfield code="a">Abhandlungen - Neue Folge</subfield>
   <subfield code="v">Heft 55A</subfield>
  </datafield>
  <datafield tag="787" ind1="0" ind2="8">
   <subfield code="i">Rezensiert in</subfield>
   <subfield code="a">Pirling, Renate, 1929 - 2022</subfield>
   <subfield code="t">[Rezension von: Joachim Werner, Die Langobarden in Pannonien]</subfield>
   <subfield code="d">Kevelaer : Verlag Butzon &amp; Bercker, 1965</subfield>
   <subfield code="w">(DE-627)1702878163</subfield>
  </datafield>
  <datafield tag="951" ind1=" " ind2=" ">
   <subfield code="a">BO</subfield>
  </datafield>
  <datafield tag="991" ind1=" " ind2=" ">
   <subfield code="a">Rezensiertes Werk</subfield>
  </datafield>
  <datafield tag="999" ind1=" " ind2=" ">
   <subfield code="a">KXP-PPN1521947341</subfield>
   <subfield code="e">4915897532</subfield>
  </datafield>
 </record>
</collection>
